Catálogo - Centro de Recursos para el Aprendizaje y la Investigación
Volver al Sitio - CRAI Biblioteca| 000 -CABECERA | |
|---|---|
| campo de control de longitud fija | 02395nam a2200265 4500 |
| 001 - NÚMERO DE CONTROL | |
| campo de control | 113905 |
| 003 - IDENTIFICADOR DEL NÚMERO DE CONTROL | |
| campo de control | DR-UNIBE |
| 005 - FECHA Y HORA DE LA ÚLTIMA TRANSACCIÓN | |
| campo de control | 20250722101907.0 |
| 008 - DATOS DE LONGITUD FIJA--INFORMACIÓN GENERAL | |
| campo de control de longitud fija | 250722b2002 dr ||||| |||| 00| 0 spa d |
| 020 ## - NÚMERO INTERNACIONAL ESTÁNDAR DEL LIBRO | |
| Número Internacional Estándar del Libro | 9993468029 |
| 040 ## - FUENTE DE LA CATALOGACIÓN | |
| Centro catalogador/agencia de origen | BIBLIOTECA UNIBE |
| Centro/agencia transcriptor | BIBLIOTECA UNIBE |
| Lengua de catalogación | spa |
| Normas de descripción | rda |
| 041 ## - CÓDIGO DE LENGUA | |
| Código de lengua del texto/banda sonora o título independiente | spa |
| 082 ## - NÚMERO DE LA CLASIFICACIÓN DECIMAL DEWEY | |
| Número de edición | 22 |
| Número de clasificación | RD 346.015 N789i 2002 |
| 100 10 - ENTRADA PRINCIPAL--NOMBRE DE PERSONA | |
| Nombre de persona | Nolasco, Daniel |
| Forma completa/desarrollada del nombre | (Nolasco Olivo, Daniel Julio) |
| Término indicativo de función/relación | autor |
| 9 (RLIN) | 107378 |
| 245 10 - MENCIÓN DE TÍTULO | |
| Título | Instituciones de derecho de familia / |
| Mención de responsabilidad, etc. | Daniel Nolasco |
| 250 ## - MENCIÓN DE EDICIÓN | |
| Mención de edición | Primera edición |
| 260 ## - PUBLICACIÓN, DISTRIBUCIÓN, ETC. | |
| Lugar de publicación, distribución, etc. | Santo Domingo : |
| Nombre del editor, distribuidor, etc. | Librería Jurídica Virtual y Ediciones Jurídicas Trajano Potentini, |
| Fecha de publicación, distribución, etc. | 2002 |
| 300 ## - DESCRIPCIÓN FÍSICA | |
| Extensión | 2 volúmenes ; |
| Dimensiones | 20 cm |
| 500 ## - NOTA GENERAL | |
| Nota general | Información sobre el autor en las solapas, comentario de la obra en la contraportada. Biblioteca tiene Tomo I |
| 504 ## - NOTA DE BIBLIOGRAFÍA, ETC. | |
| Nota de bibliografía, etc. | Incluye referencias bibliográficas (páginas: 387-390) e índice |
| 505 0# - NOTA DE CONTENIDO CON FORMATO | |
| Nota de contenido con formato | Prólogo |<br/>Introducción |<br/>Capítulo 1. El derecho de familia como rama del derecho privado |<br/>Capítulo 2. La persona como sujeto de derecho |<br/>Capítulo 3. La familia como institución basada en el parentesco |<br/>Capítulo 4. El registro del estado civil como institución jurídica |<br/>Capítulo 5. El matrimonio como institución constitutiva de la familia |<br/>Capítulo 6. El régimen matrimonial como acto jurídico familiar |<br/>Capítulo 7. La unión de hecho reconocida como familia |<br/>Capítulo 8. El parentesco como institución geneonómica |<br/>Capítulo 9. El divorcio como vía de disolución matrimonial |<br/>Apéndice I. Ley número 659 sobre actos del Estado Civil |<br/>Apéndice II. Ley número 1306-bis sobre divorcio y sus modificaciones contenidas en leyes especiales, incluyendo la Ley 142 que instituye el divorcio al vapor en la República Dominicana |<br/>Apéndice III. Ley número 136 que introduce modificaciones a la Ley No. 1306-bis |<br/>Apéndice IV. Ley número 3937 que instituye la separación personal de los matrimonios canónicos |<br/>Apéndice V. Ley número 8-92 que pone bajo la dependencia de la Junta Central Electoral, la Dirección General de la Cédula de Identificación Personal y las oficinas y agencias expedidoras de cédulas, la oficina central del Estado Civil y las Oficialías del Estado Civil |<br/>Bibliografía<br/> |
| 650 #7 - PUNTO DE ACCESO ADICIONAL DE MATERIA--TÉRMINO DE MATERIA | |
| Fuente del encabezamiento o término | lemb |
| Término de materia o nombre geográfico como elemento de entrada | Derecho de familia |
| Subdivisión general | Aspectos jurídicos |
| 9 (RLIN) | 197508 |
| 700 1# - PUNTO DE ACCESO ADICIONAL--NOMBRE DE PERSONA | |
| Nombre de persona | García Fermín, Franklin |
| Término indicativo de función/relación | prologuista |
| 9 (RLIN) | 24117 |
| 942 ## - ELEMENTOS DE PUNTO DE ACCESO ADICIONAL (KOHA) | |
| Fuente del sistema de clasificación o colocación | Sistema de Clasificación Decimal Dewey |
| Tipo de ítem Koha | Libro (general) |
| Estado de retiro | Estado de pérdida | Fuente del sistema de clasificación o colocación | No para préstamo | Código de colección | Localización permanente | Fecha de adquisición | Total de préstamos | Signatura topográfica completa | Código de barras | Fecha visto por última vez | Número de copia | Precio válido a partir de | Tipo de ítem Koha |
|---|---|---|---|---|---|---|---|---|---|---|---|---|---|
| Disponible | Sistema de Clasificación Decimal Dewey | General - Libros dominicanos | Biblioteca Central UNIBE | 22/05/2025 | RD 346.015 N789i 2002 | 250858 | 22/07/2025 | Ej. 1 | 22/07/2025 | Libro (general) |